| Tag |
First Indicator |
Second Indicator |
Subfields |
| LEADER |
00000cam a22000001 4500 |
| 001 |
in00000288421 |
| 005 |
20240515172740.0 |
| 008 |
710315r19681933nyu b 000 0 eng |
| 010 |
|
|
|a 68029621
|
| 019 |
|
|
|a 1004407
|
| 029 |
1 |
|
|a AU@
|b 000000003577
|
| 029 |
1 |
|
|a NZ1
|b 3784298
|
| 035 |
|
|
|a (OCoLC)ocm00300851
|
| 035 |
|
|
|a (OCoLC)300851
|z (OCoLC)1004407
|
| 035 |
|
|
|a (OCoLC)ocm00300851
|
| 040 |
|
|
|a DLC
|b eng
|c DLC
|d BTCTA
|d OCLCG
|d BDX
|d OCLCO
|d NCA
|d OCLCF
|d OCLCQ
|d WLU
|d FQG
|d OCLCQ
|d NYHOF
|d OCLCQ
|d OCLCO
|d OCLCL
|d NBMAB
|d OCLCL
|
| 043 |
|
|
|a n-us---
|
| 050 |
0 |
0 |
|a BL2760
|b .K6 1968
|
| 082 |
0 |
0 |
|a 211/.5/0973
|
| 100 |
1 |
|
|a Koch, G. Adolf
|q (Gustav Adolf),
|d 1900-
|1 https://id.oclc.org/worldcat/entity/E39PCjvcKJpC6fPkRdRdYbTtfC
|
| 245 |
1 |
0 |
|a Religion of the American enlightenment,
|c by G. Adolf Koch.
|
| 260 |
|
|
|a New York,
|b Crowell
|c [1968]
|
| 300 |
|
|
|a xviii, 334 pages
|c 20 cm
|
| 336 |
|
|
|a text
|b txt
|2 rdacontent
|
| 337 |
|
|
|a unmediated
|b n
|2 rdamedia
|
| 338 |
|
|
|a volume
|b nc
|2 rdacarrier
|
| 500 |
|
|
|a Originally published in 1933 under title: Republican religion. Reprint with a new foreword.
|
| 504 |
|
|
|a Includes bibliographical references (pages 299-328).
|
| 505 |
0 |
|
|a Political freedom and freethought -- Ethan Allen, freethinking revolutionist -- Elihu Palmer, militant diest -- Organized diesm -- The Society of ancient druids -- Other prophets -- Twilight -- Respectable diests -- The Triumph of fidelity.
|
| 520 |
|
|
|a "In this book the author describes the spread of deism and free thought in America after the Revolution, and their defeat during the religious revivals of the early nineteenth century. It treats such important figures as Jefferson and Paine, and provides biographical sketches of lesser freethinkers, with summaries of their works. No other book covers exactly the same ground in combining this important chapter of American history with an illuminating commentary on religious liberalism in general."--Publisher
|
| 651 |
|
0 |
|a United States
|x Religion
|y To 1800.
|
| 650 |
|
0 |
|a Deism
|z United States.
|
| 651 |
|
6 |
|a États-Unis
|x Religion
|y Jusqu'à 1800.
|
| 650 |
|
6 |
|a Déisme
|z États-Unis.
|
| 650 |
|
7 |
|a Deism
|2 fast
|
| 650 |
|
7 |
|a Religion
|2 fast
|
| 651 |
|
7 |
|a United States
|2 fast
|1 https://id.oclc.org/worldcat/entity/E39PBJtxgQXMWqmjMjjwXRHgrq
|
| 648 |
|
7 |
|a To 1800
|2 fast
|
| 758 |
|
|
|i has work:
|a Religion of the American enlightenment (Text)
|1 https://id.oclc.org/worldcat/entity/E39PCFvfMgxX7pf6bpjYdDBRjy
|4 https://id.oclc.org/worldcat/ontology/hasWork
|
| 776 |
0 |
8 |
|i Online version:
|a Koch, G. Adolf (Gustav Adolf), 1900-
|t Religion of the American enlightenment.
|d New York, Crowell [1968]
|w (OCoLC)654724326
|
| 938 |
|
|
|a Brodart
|b BROD
|n 27929256
|c $6.95
|
| 938 |
|
|
|a Baker and Taylor
|b BTCP
|n 68029621
|
| 948 |
|
|
|h HELD BY TXA - 427 OTHER HOLDINGS
|
| 994 |
|
|
|a Z0
|b TXA
|
| 999 |
f |
f |
|s e3ccf374-88b3-34e3-9088-3d4674beff4a
|i 41c29381-cae0-3f39-86c6-2ea6997b753e
|t 0
|
| 952 |
f |
f |
|p ric
|a Texas A&M University
|b Rellis Campus
|c Joint Library Facility
|s JLF
|d Remote Storage
|t 0
|e BL2760 .K6 1968
|h Library of Congress classification
|i unmediated -- volume
|m A14801748365
|
| 952 |
f |
f |
|a Texas A&M University
|b College Station
|c Sterling C. Evans Library
|s Evans Withdrawn (Evans)
|d SUPPRESSED
|t 1
|e BL2760 .K6 1968
|h Library of Congress classification
|